AH International Schools' Libraries

My book about me / (Record no. 50230)

MARC details
000 -LEADER
fixed length control field 00289nam a2200109 4500
020 ## - INTERNATIONAL STANDARD BOOK NUMBER
International Standard Book Number 9780394800936
100 ## - MAIN ENTRY--PERSONAL NAME
Personal name Dr. Seuss
9 (RLIN) 25055
245 ## - TITLE STATEMENT
Title My book about me /
Statement of responsibility, etc Dr. Seuss & Roy Mc Kie
260 ## - PUBLICATION, DISTRIBUTION, ETC. (IMPRINT)
Place of publication, distribution, etc New York
Name of publisher, distributor, etc Random House
Date of publication, distribution, etc 19--
300 ## - PHYSICAL DESCRIPTION
Extent 60 p.
Other physical details col. ill.
Dimensions 28 cm.
942 ## - ADDED ENTRY ELEMENTS (KOHA)
Source of classification or shelving scheme
Koha item type Book
Holdings
Withdrawn status Lost status Source of classification or shelving scheme Damaged status Not for loan Home library Current library Shelving location Date acquired Total Checkouts Full call number Barcode Date last seen Price effective from Koha item type
          Asian Hope Early Years Library Asian Hope Early Years Library Easy Reading 03/09/2026   E SEU 208032 03/09/2026 03/09/2026 Book

For any Logos Library related questions please contact Miss Art at swongnarasuk@asianhope.org.

For any Asian Hope Library related questions please contact Miss Raza at graza@asianhope.org.

Powered by Koha